How the Internet works (Record no. 1204)

MARC details
000 -LEADER
fixed length control field 00517nam a2200217Ia 4500
003 - CONTROL NUMBER IDENTIFIER
control field OST
005 - DATE AND TIME OF LATEST TRANSACTION
control field 20240606080831.0
008 - FIXED-LENGTH DATA ELEMENTS--GENERAL INFORMATION
fixed length control field 150730s9999 xx 000 0 und d
020 ## - INTERNATIONAL STANDARD BOOK NUMBER
International Standard Book Number 0789725827
040 ## - CATALOGING SOURCE
Transcribing agency MRUC
050 ## - LIBRARY OF CONGRESS CALL NUMBER
Classification number TK5105.875.I57G72423 2002
100 ## - MAIN ENTRY--PERSONAL NAME
Personal name Gralla, Preston.
245 ## - TITLE STATEMENT
Title How the Internet works
250 ## - EDITION STATEMENT
Edition statement 6
264 ## - PRODUCTION, PUBLICATION, DISTRIBUTION, MANUFACTURE, AND COPYRIGHT NOTICE
Place of production, publication, distribution, manufacture "Indianapolis, IN"
264 ## - PRODUCTION, PUBLICATION, DISTRIBUTION, MANUFACTURE, AND COPYRIGHT NOTICE
Name of producer, publisher, distributor, manufacturer Que
264 ## - PRODUCTION, PUBLICATION, DISTRIBUTION, MANUFACTURE, AND COPYRIGHT NOTICE
Date of production, publication, distribution, manufacture, or copyright notice 2002
650 ## - SUBJECT ADDED ENTRY--TOPICAL TERM
Topical term or geographic name entry element Internet -- Popular works
942 ## - ADDED ENTRY ELEMENTS (KOHA)
Source of classification or shelving scheme Library of Congress Classification
Koha item type Books
Holdings
Withdrawn status Lost status Source of classification or shelving scheme Damaged status Not for loan Home library Current library Date acquired Total checkouts Full call number Barcode Date last seen Date last checked out Price effective from Koha item type
    Library of Congress Classification     Murang'a University of Technology Library Murang'a University of Technology Library 14/08/2015 1 TK5105.875.I57G72423 2002 001254 30/08/2024 10/03/2016 14/08/2015 Books